| 000 | 00547nam a2200181 i 4500 | ||
|---|---|---|---|
| 001 | 67857 | ||
| 003 | ES-MaACL | ||
| 005 | 20250616063044.0 | ||
| 007 | t| | ||
| 008 | 040206s1972 sp ||||1| spa d | ||
| 100 | 1 |
_aGállego, Julián, _d1919-2006 _953537 |
|
| 245 | 1 | 0 |
_aVisión y símbolos en la pintura española del siglo de oro / _cJulián Gallego. |
| 250 | _a[1ª ed.]. | ||
| 260 |
_aMadrid : _bAguilar, _c[1972] |
||
| 300 |
_aXVI, 354 p., 50 lám. ; _c22 cm. |
||
| 852 |
_aES-MaACL _jC-42966 _bR.82873 |
||
| 999 |
_c67857 _d67857 |
||